Difficult Scrubs Trivia Quiz Stats

 Plays Quiz not verified by Sporcle

Support Sporcle.
Go Orange.
Score 0/20 Timer 06:00
0 Plays Today
Hint Answer % Correct
JD has a conversation with a character in an elevator, ending with the line, 'Dead People Should Be Dead!' Who said this line?Doug Murphy
77.1%
His Story IV is in which characters prespectiveBob Kelso
65.1%
Who said this, when referring to a Magic Eight Ball: 'I once asked it if I should crack it open and drink all of the liquid inside, I basically puked blue for a week'Chris Turk
60%
What is JD's self proclaimed 'Prison Name'?Gizmo
46.9%
Finish this Lyric: 'Do you have a hemorrhoid or is it rectal cancer? When you flush your dookie down...''You flush away the answer!'
46.9%
What is #1 on Elliot's Speed Dial?The Constipation Hotline
46.3%
When JD stated that both him and Sean had slept with the same women, they had become...Weiner Cousins
34.3%
The One Hundredth EpisodeMy Way Home
23.4%
In the Season Seven Finale, a line from a famous Romance/Adventure movie is parodied by the Great Knight (Dr. Cox) What movie is the line from?The Princess Bride
21.1%
What Hospital to JD transfer to after he wanted to be closer to Sam?St.Vincents
18.3%
Hint Answer % Correct
'House' Star to be Play an Ailing Patient who later passes away (Will Accept Character's Name)Peter Jacobson (Chris Taub)
13.1%
The line in which Jack, Jordan and Perry's son, says after Jordan finds out she is pregnant with her second child.I pooped in my bed so I put it on the TV
13.1%
Name of the Song Turk and JD beat boxed to when trying to gloat about an impossible diagnosisThe Theme Song, I'm no Superman
12.6%
JD's First Girl's NameSusan
10.9%
Name of the Baby whose birth was filmed by JD, and was deleted by accident due to a mix up with tapesCharlie
10.9%
Name in which an elderly racist patient called CarlaNurse Fajita
10.3%
Name of the Patient who died from a kidney transplant, in which the kidney's were infected with rabies.Dave Bredford
6.3%
Towards the middle of season one, JD is dating a beautiful social worker named Alex. What is the name of the actress who played Alex?Elizabeth Bogush
5.1%
JD tampers with the shift schedule by writing 'Al Coholic' in the place of a doctors name. When the board is shown again, what name was in it's place?Dr. Ass Face
3.4%
Who is the actor who plays the young JD?Cody Estes
2.9%

You're not logged in!

Compare scores with friends on all Sporcle quizzes.
OR
Log In

From the Vault

Tattoo My Body with... History

by Flick

History, much like a tattoo, is permanent unless you have a time machine.
Remove Ads.
Support Sporcle.
Get the best of Sporcle when you Go Orange. This ad-free experience offers more features, more stats, and more fun while also helping to support Sporcle. Thank you for becoming a member.

Show Comments

Extras

Created Feb 15, 2011SourceReportNominate
Tags:difficult, episode, scrub

Top Quizzes Today


Score Distribution

Your Account Isn't Verified!

In order to create a playlist on Sporcle, you need to verify the email address you used during registration. Go to your Sporcle Settings to finish the process.

Report this User

Report this user for behavior that violates our Community Guidelines.

Details: